Spirit and the mind / (Record no. 42516)

MARC details
000 -LEADER
fixed length control field 00731nam a22002057a 4500
005 - DATE AND TIME OF LATEST TRANSACTION
control field 20100819115059.0
010 ## - LCCN (DPL NO)
LC control number ENG-100913
020 ## - INTERNATIONAL STANDARD BOOK NUMBER
International Standard Book Number 9788172086855
Terms of availability 135.00
035 ## - SYSTEM CONTROL NUMBER
System control number EN-84446
037 ## - SOURCE OF ACQUISITION
Source of stock number/acquisition DBAD/PUB
082 ## - DEWEY DECIMAL CLASSIFICATION NUMBER
Classification number 230.35
100 ## - MAIN ENTRY--PERSONAL NAME
Personal name Sandweiss, Samuel H.
245 ## - TITLE STATEMENT
Title Spirit and the mind /
Statement of responsibility, etc by Samuel H. Sandweiss
260 ## - PUBLICATION, DISTRIBUTION, ETC. (IMPRINT)
Place of publication, distribution, etc Prasanthi Nilayam
Name of publisher, distributor, etc Sri Sathya Sai Sadhana Trust, Publications Division
Date of publication, distribution, etc 2009
270 ## - ADDRESS
City Prasanthi Nilayam
Postal code 515134
300 ## - PHYSICAL DESCRIPTION
Extent 320p.
Dimensions 21cm (pbk)
Accompanying material photoes
700 ## - ADDED ENTRY--PERSONAL NAME
9 (RLIN) 15086
942 ## - ADDED ENTRY ELEMENTS (KOHA)
Source of classification or shelving scheme Dewey Decimal Classification
Item type English Books
Classification part 230.35
Call number suffix SAN
Holdings
Withdrawn status Lost status Not for loan Collection code Home library Current library Date acquired Source of acquisition Cost, normal purchase price Full call number Barcode Copy number Cost, replacement price Koha item type
    Not For Loan Non-fiction D.B.Act.Division D.B.Act.Division 19/08/2010 DBAD/PUB 135.00 230.35 SAN EN-84446 1 135.00 English Books

© Delhi Public Library
Hit Counter
free hit counter